الحمى الصفراء: مسرحية تاريخية / (Record no. 47556)
[ view plain ]
| 000 -الفاتح | |
|---|---|
| حقل البيانات ثابتة الطول | 00480nam a2200157Ia 4500 |
| 008 - عناصر البيانات ثابتة الطول - معلومات عامة | |
| حقل البيانات ثابتة الطول | 140319s9999 xx 000 0 ara d |
| 040 ## - مصدر الفهرسة | |
| وكالة الفهرسة الأصلية | GCL / |
| وكالة النسخ | GCL |
| 082 04 - رقم تصنيف ديوى العشرى | |
| رقم التصنيف | 822.008 |
| رقم المادة | ه ح |
| 100 1# - المدخل الرئيسى - إسم شخصى | |
| الإسم الشخصى | عبدالقادر القط |
| 245 10 - بيان العنوان | |
| العنوان | الحمى الصفراء: مسرحية تاريخية / |
| بيان المسئوليه,etc | عبدالقادر القط |
| 700 1# - المدخل الاضافى - اسم شخصى | |
| الإسم الشخصى | كبرويف, بول دى |
| 700 1# - المدخل الاضافى - اسم شخصى | |
| الإسم الشخصى | حازم على فوده |
| 300 ## - الوصف المادى | |
| التعداد | 159 ص |
| 490 ## - بيان السلسلة | |
| عنوان السلسلة | من ادب المسرح |
| رقم المجلد/ التعيين التسلسلي | 0 |
| حالة التراجع | حالة الفقد | حالة تلف | ليس للاعارة | المكان المؤقت | الموقع الحالى | تاريخ الاكتساب | اجمالي اﻻعارات | رقم الطلب | الباركود | تاريخ اخر مشاهدة | تاريخ تفعيل السعر | نوع وعاء كوها |
|---|---|---|---|---|---|---|---|---|---|---|---|---|
| مكتبة القاهرة الكبرى | مكتبة القاهرة الكبرى | 03/26/2014 | 822.008\ه ح | 114809 | 03/26/2014 | 03/26/2014 | كتاب |

